000 00694nam a2200229 a 4500
005 20191224041635.0
008 140305b1999 ck ||||| |||| 00| 0 spa d
040 _aCO-BoIAVH
_cCO-BoIAVH
041 _aspa
044 _ack
090 _aLB
_b02229
110 _bTropical Fauna Ltda
_941871
245 _aCrocodylus acutus
_bregistro y control de establecimientos de cria en cautividad, apendice 1
260 _aBogotá
_bTropical Fauna Ltda
_c1999
300 _a60 p.
650 _aZoocría
_941872
650 _aEspecies en cautiverio
_99881
650 _aManejo de biodiversidad
_92614
650 _aManejo de recursos
_93533
650 _aUso de biodiversidad
_9343
942 _cINFORME
_2z
999 _c2416
_d2416